000 00365pam a2200133 a 4500
020 _a978-81-317-5422-1
_c
041 _aeng
082 _a658.3
_bBHA
100 _aBhattacharyya Dipak kumar.
245 _aPerformance Management Systems and Strategies
_hTextual Documents
260 _aDelhi
_bPearson Education
_c2019
300 _a354 pg:
_c24 cm.
930 _a16827
999 _c119418
_d119418